000 00289nam a22001337a 4500
008 170316b xxu||||| |||| 00| 0 eng d
020 _a9780781745888
041 _aeng
080 _22ND
_a616.8
100 _a7
101 _aSHM
245 _aNEUROLOGY RECALL
_cMILLER, J
942 _2udc
_cBK
999 _c7981
_d7981